000 01069nam a22003497a 4500
003 CHAP
005 20220329143738.0
008 110525s1975 es r 00010 spa d
010 _a101302
011 _a102274
020 _a8401460360
035 _a112962
040 _cCHAP
082 0 4 _a303.323
_bAl79
100 1 _aAltavilla, Enrico
_94673
245 1 0 _aProceso a la familia
_c/por Enrico Altavilla
260 _aBarcelona :
_bPlaza & Janes,
_c1975
300 _a311 p.
490 0 _aManantial
_v; 16
534 _pTít. original :
_tProcesso alla famiglia.
_cMilano : Rizzoli, c1971.
590 _aBATCH-UPD
_b10
_c20130110
_lUCH01
_h1106
590 _aBATCH-UPD
_b10
_c20130410
_lUCH01
_h0658
590 _aBATCH-UPD
_b10
_c20130914
_lUCH01
_h1340
590 _aCONVERSION
_b10
_c20130109
_lUCH01
_h1356
650 1 4 _aFamilia.
_939405
650 1 4 _aIntegración.
_959498
650 1 4 _aValores.
_9117671
830 0 _aManantial
_v; 16
_970272
901 _aBK
942 _cLIBRO
949 _a303.323 Al79
_bBC
_cLIBRO
_d33724002258272
_eLIBRO
_h115056
_i112962
_si
999 _c101302
_d101302